000 00343nam a2200157Ia 4500
008 230917s9999||||xx |||||||||||||| ||und||
020 _cRS21
040 _e155329
_aMAIN
041 _aEnglish
082 _a891.2109 R835K
100 _aRudrat
245 0 _aKavyalankar
260 _aDelhi
_bVasudev
_c1965
300 _a512 p.
942 _cBK
999 _c48898
_d48898